书目信息 |
| 题名: |
行政诉讼法学教学指导
|
|
| 作者: | 林莉红 主编 ;孔繁华 撰稿 | |
| 分册: | ||
| 出版信息: | 武汉 武汉大学出版社 2000 |
|
| 页数: | 368页 | |
| 开本: | 20cm | |
| 丛书名: | ||
| 单 册: | ||
| 中图分类: | D925.304 | |
| 科图分类: | ||
| 主题词: | 行政诉讼法--法学--高等学校--教学参考资料 , 法律--中国 | |
| 电子资源: | ||
| ISBN: | 7-307-02937-5 | |
| 000 | 00917nam0 2200265 45 | |
| 001 | 0000027185 | |
| 005 | 20051129110046.65 | |
| 010 | @a7-307-02937-5@dCNY13.00 | |
| 092 | @aCN | |
| 100 | @a20050518d2000 ekmy0chiy0120 ea | |
| 101 | 0 | @achi |
| 102 | @aCN@b420000 | |
| 105 | @ay z 000yy | |
| 200 | 1 | @a行政诉讼法学教学指导@9xing zheng su song fa xue jiao xue zhi dao@f林莉红主编@Flin li hong zhu bian@g孔繁华等撰稿 |
| 210 | @a武汉@c武汉大学出版社@d2000 | |
| 215 | @a368页@d20cm | |
| 330 | @a本书是《行政诉讼法学》的配套指导书,结合书的教学大纲及命题考试的疑点、难点及规律性,有针对性地对大纲中的问题及应试技巧做了较为科学的叙述和解答。 | |
| 606 | @a行政诉讼法@x法学@x高等学校@x教学参考资料 | |
| 606 | 0 | @a法律@x中国 |
| 690 | @aD925.304@v4 | |
| 701 | 0 | @a林莉红@Alin li hong@4主编 |
| 702 | 0 | @a孔繁华@Akong fan hua@4撰稿 |
| 801 | 0 | @aCN@bNLC@c20051129 |
| 905 | @a10447@dD925.304@e205 | |
| 999 | @aYYW | |
| 行政诉讼法学教学指导/林莉红主编/孔繁华等撰稿.-武汉:武汉大学出版社,2000 |
| 368页;20cm |
| ISBN 7-307-02937-5:CNY13.00 |
| 本书是《行政诉讼法学》的配套指导书,结合书的教学大纲及命题考试的疑点、难点及规律性,有针对性地对大纲中的问题及应试技巧做了较为科学的叙述和解答。 |
| ● |
| 相关链接 |
|
|
|
|
正题名:行政诉讼法学教学指导
索取号:D925.304/205
 
预约/预借
| 序号 | 登录号 | 条形码 | 馆藏地/架位号 | 状态 | 备注 |
| 1 | 0369698 | 203696982 | 第一样本阅览室/ [索取号:D925.304/205] | 在馆 | |
| 2 | 0369699 | 203696991 | 第一借阅区/ [索取号:D925.304/205] | 在馆 | |
| 3 | 0369700 | 203697008 | 第一借阅区/ [索取号:D925.304/205] | 在馆 |